000 00344nam a2200145Ia 4500
008 150201s2006 xx 000 0 und d
082 _a616.0757
_bX06B
100 _aBEGG,J.D
245 _aABDOMINAL X-RAYS MADE ESY
250 _a2ND
260 _bELSEVIER
_aDELHI
_c2006
300 _a1-359
650 _aRADIOLOGY & DIAGNOSIS
942 _2ddc
_cBK
999 _c371
_d371